000 00671nam a2200277Ia 4500
005 20260324122314.0
008 008 260324s9999 xx 000 0 eng d
020 _a9780429348693
037 _aEBOOK
040 _aCRL
040 _beng
040 _cCRL
041 _2eng
041 _aeng
084 _qCRL
100 _aHarry T Dickinson
_91161970
245 0 _aIreland in the Age of Revolution, 1760–1805, Part I, Volume 1
260 _bTaylor and Francis
260 _c2013
365 _a
365 _b76.99
856 _uhttp://www.taylorfrancis.com/books/9780429348693
942 _cEBOOK
999 _c1758565
_d1758565